Debut Albums from Musicians Part 3 - Statistics

General Stats
  • This quiz has been taken 17 times
    11 since last reset
  • The average score is 7 of 16
Answer Stats
Album Artist % Correct
High Voltage AC/DC
91%
Ten Pearl Jam
82%
Nevermind the Bollocks Sex Pistols
82%
Definitely Maybe Oasis
64%
Pablo Honey Radiohead
64%
Is This It? The Strokes
55%
Pretty on the Inside Hole
45%
Murmur R.E.M
45%
Gish Smashing Pumpkins
45%
Leisure Blur
27%
Whole Oats Hall & Oates
27%
Empty Sky Elton John
18%
Mommy's Little Monster Social Distortion
18%
Brand New Morning Bob Seger
9%
Walk Among Us Misfits
9%
Sentimental Journey Ringo Starr
9%
No matching quizzes found
Score Distribution
Percent of People with Each Score
Percentile by Number Answered
Your Score History
You have not taken this quiz since the last reset